000 00603nam a22002297a 4500
001 87633
003 UA-OsUOA
005 20211017222316.0
007 ta
008 20120920b un ||||| |||| 00| 0 ukr d
040 _aUA-OsUOA
_brus
_cUA-OsUOA
_dUA-OsUOA
041 _arus
080 _a94(470+571)
090 _a94(470+571)
_bД28
245 _aДекреты Советской власти
260 _aМ.
_bПолитиздат
_c1980
300 _a574 с.
505 _gт. 10
_tАвгуст - сентябрь 1920 г.
650 7 _a94 Історія
_2UDC
942 _cBK
_2udc
955 _a1
999 _c373919
_d373919